Catalog

Record Details

Catalog Search



Po práci legraci : lexikon lidové tvořivosti z dob socialismu  Cover Image Book Book

Po práci legraci : lexikon lidové tvořivosti z dob socialismu / Jan Nejedlý & Jakub Šofar ; ilustrace: Marek Rubec

Record details

  • ISBN: 978-80-265-0543-3
  • Physical Description: 184 stran, 16 nečíslovaných stran obrazových příloh : ilustrace (některé barevné), portréty, faksimile ; 21 cm
  • Edition: 1. vydání
  • Publisher: V Brně : BizBooks, 2016

Content descriptions

Bibliography, etc. Note:
Obsahuje bibliografie
Subject: reálný socialismus > humor
komunistický režim > humor
real socialism > humor
communist regime > humor
Československo > společnost a politika > 1948-1989
země východního bloku (1945-1989) > společnost a politika > 1948-1989
Czechoslovakia > society and politics > 1948-1989
Eastern block (1945-1989) > society and politics > 1948-1989
Genre: vtipy
anekdoty
sborníky
jokes
anecdotes
miscellanea

Available copies

  • 1 of 1 copy available at Common Catalog SPOK.

Holds

  • 0 current holds with 1 total copy.
Show Only Available Copies
Location Call Number / Copy Notes Barcode Shelving Location Status Due Date
Hospic Dobrého Pastýře OS
Tematická katagorie: Odborná - ostatní (OS)
2045957001258 Centrum denních služeb (CDS) Available -

LDR 02420nam a2200649 i 4500
00124784
003CZ-PrJAB
00520170814140153.0
007ta
008161124s2016 xr acfhe 000 0 cze
015 . ‡acnb002856431
020 . ‡a978-80-265-0543-3 ‡q(brožováno) : ‡cKč 299,00
035 . ‡a(CZ PrNK)nkc20162856431
035 . ‡a(OCoLC)965749047
040 . ‡aABA001 ‡bcze ‡erda
043 . ‡ae-cs--- ‡aee----- ‡aec-----
045 . ‡ax4x8
072 7. ‡a323 ‡xVnitropolitický vývoj, politický život ‡2Konspekt ‡915
080 . ‡a316.323.7 ‡2MRF
080 . ‡a321.74 ‡2MRF
080 . ‡a82-7 ‡2MRF
080 . ‡a316.72/.75 ‡2MRF
080 . ‡a323 ‡2MRF
080 . ‡a(437) ‡2MRF
080 . ‡a(4-191.2)+(4-11) ‡2MRF
080 . ‡a(0:82-36) ‡2MRF
080 . ‡a(0:82-845) ‡2MRF
080 . ‡a(082) ‡2MRF
1001 . ‡aNejedlý, Jan, ‡d1971- ‡7ola2003165587 ‡4aut
24510. ‡aPo práci legraci : ‡blexikon lidové tvořivosti z dob socialismu / ‡cJan Nejedlý & Jakub Šofar ; ilustrace: Marek Rubec
250 . ‡a1. vydání
264 1. ‡aV Brně : ‡bBizBooks, ‡c2016
300 . ‡a184 stran, 16 nečíslovaných stran obrazových příloh : ‡bilustrace (některé barevné), portréty, faksimile ; ‡c21 cm
336 . ‡atext ‡btxt ‡2rdacontent
337 . ‡abez média ‡bn ‡2rdamedia
338 . ‡asvazek ‡bnc ‡2rdacarrier
504 . ‡aObsahuje bibliografie
648 7. ‡a1948-1989 ‡7ch460661 ‡2czenas
65007. ‡areálný socialismus ‡7ph136518 ‡xhumor ‡2czenas
65007. ‡akomunistický režim ‡7ph114960 ‡xhumor ‡2czenas
65009. ‡areal socialism ‡xhumor ‡2eczenas
65009. ‡acommunist regime ‡xhumor ‡2eczenas
651 7. ‡aČeskoslovensko ‡7ge131689 ‡xspolečnost a politika ‡y1948-1989 ‡2czenas
651 7. ‡azemě východního bloku (1945-1989) ‡7ge834001 ‡xspolečnost a politika ‡y1948-1989 ‡2czenas
651 9. ‡aCzechoslovakia ‡xsociety and politics ‡y1948-1989 ‡2eczenas
651 9. ‡aEastern block (1945-1989) ‡xsociety and politics ‡y1948-1989 ‡2eczenas
655 7. ‡avtipy ‡7fd133820 ‡2czenas
655 7. ‡aanekdoty ‡7fd131798 ‡2czenas
655 7. ‡asborníky ‡7fd163935 ‡2czenas
655 9. ‡ajokes ‡2eczenas
655 9. ‡aanecdotes ‡2eczenas
655 9. ‡amiscellanea ‡2eczenas
7001 . ‡aŠofar, Jakub, ‡d1958- ‡7xx0029518 ‡4aut
7001 . ‡aRubec, Marek, ‡d1979- ‡7xx0172083 ‡4ill
910 . ‡aBNE702
9289 . ‡aAlbatros Media - BizBooks
998 . ‡a002856431
901 . ‡a24784 ‡b ‡c24784 ‡tbiblio

Additional Resources